-
KATIYAR, DR. PRASHANT KUMAR AND BAIRAGI, DR. SHRIRAM
Entry Personal Name
Number of records used in: 1
001 - CONTROL NUMBER
003 - CONTROL NUMBER IDENTIFIER
005 - DATE AND TIME OF LATEST TRANSACTION
- control field:
20251124100803.0
008 - FIXED-LENGTH DATA ELEMENTS
- fixed length control field:
251124|| aca||aabn | a|a d
040 ## - CATALOGING SOURCE
- Original cataloging agency:
JRU
- Transcribing agency:
JRU
100 ## - HEADING--PERSONAL NAME
- Personal name:
KATIYAR, DR. PRASHANT KUMAR AND BAIRAGI, DR. SHRIRAM
670 ## - SOURCE DATA FOUND
- Source citation:
Work cat.: (JRU)8963: KATIYAR, DR. PRASHANT KUMAR AND BAIRAGI, DR. SHRIRAM , MEDICINAL CHEMISTRY-I : AS PER LATEST PCI SYLLABUS FOR B. PHARMA, 2ND YEAR [ IV TH SEMESTER], 2025